000 00498nmm a2200157Ia 4500
008 251105s9999||||xx |||||||||||||||||und||
020 _a9788495121424
041 _aspa
100 _aBarquero Franco, José
245 0 _aEl siglo XX en Madrid :
_b Acontecimientos, hitos y curiosidades
264 _a[Madrid, España] :
_bEdiciones JC Clementine,
_c2007
300 _a284 páginas
650 _aHistory of Europe: Spain
856 _uhttps://public.digitaliapublishing.com/a/16987
942 _cCF
999 _c89556
_d89556